000 00810cam a2200193 a 4500
001 000007176
005 20200929154104.0
008 820225s1965 dcua bc i000 0cspa
040 _aDO-SdBNP
_bspa
_cBNPHU
041 1 7 _aspa
_heng
082 _annn
_bC737 a
245 0 0 _aCompositores de América :
_bdatos biográficos y catálogos de sus obras = Composers of the Américas : biographical data and catalogs of their works.
246 3 1 _aComposers of the Americas
260 _aWashington, D.C. :
_bSecretaría General ;
_bOrganización de los Estados Américanos,
_c1965.
300 _av. :
_bil. ;
_c28 cm.
500 _aReimpresión, 1978.
710 1 _aUnión Panamericana. Secretaría General de la Organización de los Estados Americanos
_919927
710 1 _aUnión Panamericana. Sección de Música
_919928
999 _c6957
_d6957